Unlocking investment in infrastructure (Record no. 115155)

MARC details
000 -LEADER
fixed length control field 01014cad a22002535a 4500
001 - CONTROL NUMBER
control field L158123
008 - FIXED-LENGTH DATA ELEMENTS--GENERAL INFORMATION
fixed length control field 140709s2014 xxk f 000 0 eng d
035 ## - SYSTEM CONTROL NUMBER
System control number (Sirsi) u158123
041 0# - LANGUAGE CODE
Language code of text/sound track or separate title eng
110 2# - MAIN ENTRY--CORPORATE NAME
Corporate name or jurisdiction name as entry element KPMG
245 00 - TITLE STATEMENT
Title Unlocking investment in infrastructure
Remainder of title Is current accounting and reporting a barrier?
260 ## - PUBLICATION, DISTRIBUTION, ETC.
Name of publisher, distributor, etc. KPMG
Date of publication, distribution, etc. 2014
520 ## - SUMMARY, ETC.
Summary, etc. Report focuses on possible accounting and corporate reporting reforms that could help attract increased private financing. Written by a panel of experts from the six largest international accounting networks.
590 ## - LOCAL NOTE (RLIN)
Local note KA
651 #4 - SUBJECT ADDED ENTRY--GEOGRAPHIC NAME
Geographic name International
690 ## - LOCAL SUBJECT ADDED ENTRY--TOPICAL TERM (OCLC, RLIN)
Topical term or geographic name as entry element Infrastructure
9 (RLIN) 6246
710 1# - ADDED ENTRY--CORPORATE NAME
Corporate name or jurisdiction name as entry element Ernst & Young
9 (RLIN) 4001
710 1# - ADDED ENTRY--CORPORATE NAME
Corporate name or jurisdiction name as entry element Deloitte
9 (RLIN) 5633
710 1# - ADDED ENTRY--CORPORATE NAME
Corporate name or jurisdiction name as entry element BDO
9 (RLIN) 6028
710 1# - ADDED ENTRY--CORPORATE NAME
Corporate name or jurisdiction name as entry element PWC
710 1# - ADDED ENTRY--CORPORATE NAME
Corporate name or jurisdiction name as entry element Grant Thornton
9 (RLIN) 3043
856 40 - ELECTRONIC LOCATION AND ACCESS
Uniform Resource Identifier <a href="https://www.kpmg.com/Global/en/IssuesAndInsights/ArticlesPublications/Press-releases/Documents/unlocking-investment-in-infrastructure.pdf">https://www.kpmg.com/Global/en/IssuesAndInsights/ArticlesPublications/Press-releases/Documents/unlocking-investment-in-infrastructure.pdf</a>
Public note View the report free of charge at www.kpmg.com
942 ## - ADDED ENTRY ELEMENTS (KOHA)
Suppress in OPAC 0
Holdings
Withdrawn status Lost status Source of classification or shelving scheme Damaged status Not for loan Home library Current library Shelving location Date acquired Total Checkouts Full call number Barcode Date last seen Copy number Price effective from Koha item type
    Dewey Decimal Classification     Virtual Virtual Online 09/07/2014   ONLINE PUBLICATION 158123-2001 06/08/2019 1 06/08/2019 Book